La vera storia di Dorian Gray : una biografia di epoca vittoriana /
Guardat en:
| Autor principal: | |
|---|---|
| Altres autors: | , |
| Format: | Llibre |
| Idioma: | italià |
| Publicat: |
Argelato :
Minerva,
2012
|
| Col·lecció: | Ritratti
|
| Matèries: | |
| Etiquetes: |
Sense etiquetes, Sigues el primer a etiquetar aquest registre!
|
MARC
| LEADER | 00000nam a22000007i 4500 | ||
|---|---|---|---|
| 001 | IT\ICCU\UBO\3916705 | ||
| 003 | ItRI | ||
| 005 | 20260115232139.0 | ||
| 008 | 120217s2012 it |||||| ||||| |||||c | ||
| 020 | |a 9788873814078 | ||
| 040 | |b ita |c importazione bologna sebina | ||
| 041 | 7 | |a ita |2 ISO-639-2 | |
| 100 | 1 | |a Lagioia, Vincenzo, |d (1977- ) |0 IT\ICCU\SBNV\027764 |4 aut | |
| 240 | 1 | 3 | |a La vera storia di Dorian Gray |3 IT\ICCU\UBO\4613393 |9 Lagioia, Vincenzo <1977- > |
| 245 | 1 | 3 | |a La vera storia di Dorian Gray : |b una biografia di epoca vittoriana / |c Vincenzo Lagioia ; introduzione Cesarina Casanova ; prefazione Timothy Radcliffe. |
| 260 | |a Argelato : |b Minerva, |c 2012 | ||
| 300 | |a 318 p., [16] carte di tav. : |b ill. ; |c 22 cm | ||
| 650 | 7 | |a Wilde, Oscar |x The picture of Dorian Gray |2 scbi | |
| 700 | 1 | |a Casanova, Cesarina |0 IT\ICCU\CFIV\053292 |4 aui | |
| 700 | 1 | |a Radcliffe, Timothy |0 IT\ICCU\RAVV\087902 |4 aui | |
| 790 | 1 | |a Gioia, Vincenzo, |d (1977- ) |3 IT\ICCU\SBNV\105273 |z Lagioia, Vincenzo (1977- ) | |
| 790 | 1 | |a Lagioia, Vincenzo |c (storico) |3 IT\ICCU\SBNV\105270 |z Lagioia, Vincenzo (1977- ) | |
| 790 | 1 | |a Radcliffe, Timotheus |3 IT\ICCU\IEIV\095623 |z Radcliffe, Timothy | |
| 830 | 0 | |a Ritratti |0 IT\ICCU\UBO\3916708 | |
| 942 | |2 ddc |c BK |n 0 | ||
| 952 | |0 0 |1 0 |4 0 |6 DOC_823_800000000000000_LAG |7 0 |9 20873 |a BO |b BO |d 2026-01-15 |i 16385 |l 0 |o DOC 823.8 LAG |p BO16385 |r 2026-01-15 23:21:39 |w 2026-01-15 |x [Sebina 5] [1 v.] |y BK |z 1 v. | ||
| 999 | |c 17833 |d 17833 | ||